<?xml version="1.0" encoding="UTF-8"?>
<record
    xmlns:xsi="http://www.w3.org/2001/XMLSchema-instance"
    xsi:schemaLocation="http://www.loc.gov/MARC21/slim http://www.loc.gov/standards/marcxml/schema/MARC21slim.xsd"
    xmlns="http://www.loc.gov/MARC21/slim">

  <leader>00866nam a22002057a 4500</leader>
  <controlfield tag="001"> 79712</controlfield>
  <controlfield tag="003">BD-RjUL</controlfield>
  <controlfield tag="005">20220418111339.0</controlfield>
  <controlfield tag="008">220418s1954    ua ||||| |||| 00| 0 ara d</controlfield>
  <datafield tag="035" ind1=" " ind2=" ">
    <subfield code="a">(BD-RjUL) 79712</subfield>
  </datafield>
  <datafield tag="040" ind1=" " ind2=" ">
    <subfield code="a">BD-RjUL</subfield>
    <subfield code="b">eng</subfield>
    <subfield code="c">BD-RjUL</subfield>
  </datafield>
  <datafield tag="041" ind1=" " ind2=" ">
    <subfield code="a">ara</subfield>
  </datafield>
  <datafield tag="082" ind1=" " ind2=" ">
    <subfield code="2">23</subfield>
    <subfield code="a">144</subfield>
    <subfield code="b">YUA 1954</subfield>
  </datafield>
  <datafield tag="100" ind1=" " ind2=" ">
    <subfield code="a">&#x64A;&#x648;&#x646;&#x633;,  &#x642;&#x647;&#x631; &#x627;&#x644;&#x62F;&#x64A;&#x646; [Yunus, Qahr al-Din]</subfield>
    <subfield code="9">2522</subfield>
  </datafield>
  <datafield tag="245" ind1="1" ind2="4">
    <subfield code="a"> &#x627;&#x644;&#x627;&#x646;&#x633;&#x627;&#x646;&#x64A;&#x629; : &#x646;&#x638;&#x627;&#x645; &#x627;&#x644;&#x62A;&#x648;&#x62C;&#x64A;&#x629; &#x627;&#x644;&#x627;&#x642;&#x62A;&#x635;&#x627;&#x62F;&#x64A; &#x627;&#x644;&#x637;&#x628;&#x64A;&#x639;&#x64A; &#x644;&#x627; &#x627;&#x644;&#x634;&#x64A;&#x648;&#x639;&#x64A;&#x629; &#x648;&#x644;&#x627; &#x627;&#x644;&#x627;&#x634;&#x62A;&#x631;&#x627;&#x643;&#x64A;&#x629; &#x648;&#x644;&#x627; &#x627;&#x644;&#x631;&#x627;&#x633;&#x645;&#x627;&#x644;&#x64A;&#x629;[alansaniat : nizam altawjiat alaiqtisadii altabieii la alshuyueiat wala alaishtirakiat wala alraasimalia] /</subfield>
    <subfield code="c">[Qahruddin Yunus]&#x642;&#x647;&#x631; &#x627;&#x644;&#x62F;&#x64A;&#x646; &#x64A;&#x648;&#x646;&#x633; </subfield>
  </datafield>
  <datafield tag="260" ind1=" " ind2=" ">
    <subfield code="a">Qahira:</subfield>
    <subfield code="b">&#x645;&#x637;&#x627;&#x628;&#x639; &#x62F;&#x627;&#x631; &#x627;&#x644;&#x62F;&#x644;&#x64A;&#x644; &#x627;&#x644;&#x631;&#x64A;&#x627;&#x636;&#x64A;, </subfield>
    <subfield code="c">1954</subfield>
  </datafield>
  <datafield tag="300" ind1=" " ind2=" ">
    <subfield code="a">495 p. ;</subfield>
    <subfield code="c">23 cm</subfield>
  </datafield>
  <datafield tag="650" ind1=" " ind2=" ">
    <subfield code="a">Humanity</subfield>
    <subfield code="9">2521</subfield>
  </datafield>
  <datafield tag="942" ind1=" " ind2=" ">
    <subfield code="2">ddc</subfield>
    <subfield code="c">BK</subfield>
  </datafield>
  <datafield tag="999" ind1=" " ind2=" ">
    <subfield code="c">79712</subfield>
    <subfield code="d">79712</subfield>
  </datafield>
  <datafield tag="952" ind1=" " ind2=" ">
    <subfield code="0">0</subfield>
    <subfield code="1">0</subfield>
    <subfield code="2">ddc</subfield>
    <subfield code="4">0</subfield>
    <subfield code="7">1</subfield>
    <subfield code="8">NFIC</subfield>
    <subfield code="a">RUCL</subfield>
    <subfield code="b">RUCL</subfield>
    <subfield code="c">Reading</subfield>
    <subfield code="d">2022-04-18</subfield>
    <subfield code="o">A 144 YUA 1954</subfield>
    <subfield code="r">2022-04-18 00:00:00</subfield>
    <subfield code="t">C-1</subfield>
    <subfield code="y">BK</subfield>
  </datafield>
</record>
